| 000 | 00719cam a22002294a 4500 | ||
|---|---|---|---|
| 999 |
_c390 _d390 |
||
| 003 | BD-DhBUF | ||
| 005 | 20190127122829.0 | ||
| 008 | 091114s2010 nyua b 001 0 eng | ||
| 020 | _a9780136081685 | ||
| 020 | _a9789332535800 | ||
| 040 |
_aDLC _cDLC _dBD-DhBUF |
||
| 050 | 0 | 0 |
_aTS176 _b.K34 2010 |
| 100 | 1 |
_aKalpakjian, Serope. _d1928- _9269 |
|
| 245 | 1 | 0 |
_aManufacturing engineering and technology / _cSerope Kalpakjian and Steven R. Schmid. |
| 250 | _a4th ed. | ||
| 260 |
_aChennai : _bPearson, _cc2014. |
||
| 300 |
_a1172p. : _bill. ; _c23.5 cm. |
||
| 504 | _aIncludes bibliographical references and index. | ||
| 650 | 0 |
_aProduction engineering. _9270 |
|
| 650 | 0 |
_aManufacturing processes. _9271 |
|
| 942 |
_2ddc _cBK |
||